|
|
|
|
| LEADER |
00000nab a2200000 a 4500 |
| 001 |
vtls000846293 |
| 003 |
SK-MaSNL |
| 005 |
20260304182538.0 |
| 008 |
161006s2000 xo 0 slo |
| 015 |
|
|
|a SNBRA2003/09-24871
|
| 035 |
|
|
|a CLN000197948
|
| 040 |
|
|
|a SNKBUCL
|b slo
|c SNKBUCL
|e AACR2
|
| 041 |
0 |
|
|a slo
|
| 044 |
|
|
|a xo
|c SK
|
| 080 |
|
|
|a 94(437.6)"1938/1941":354.11(410)
|2 1997
|
| 080 |
|
|
|a 354.11(410)"1938/1941"
|2 1997
|
| 100 |
1 |
|
|a Ivaničková, Edita,
|d 1948-
|4 aut
|9 213689
|
| 245 |
1 |
0 |
|a Tlač na Slovensku z pohľadu britského Foreign Office (1938-1941)
|c Edita Ivaničková
|
| 500 |
|
|
|a Článok je voľným pokračovaním štúdie Zahraničnopolitická orientácia Slovenska v dokumentoch britskej Foreign Office (1939-1941). - Historický časopis. - Roč. 44, č. 2 (1996), s. 207-220
|
| 504 |
|
|
|a Res. nem.
|
| 504 |
|
|
|a Bibliogr. odkazy a pozn.
|
| 650 |
0 |
7 |
|a tlač
|z Slovensko
|y 1938-1941
|x Veľká Británia. Ministerstvo zahraničných vecí
|x monitorovanie
|2 snkbucl
|9 1513692
|
| 651 |
|
7 |
|a Slovensko
|x dejiny
|2 SNKPHgeo
|9 13278
|
| 651 |
|
7 |
|a Veľká Británia
|2 snkbucl
|9 20930
|
| 655 |
|
7 |
|a články zo zborníkov
|2 snkbucl
|9 166140
|
| 773 |
0 |
|
|w SK01SNK20010358645
|z 8022314285
|t Zborník Filozofickej fakulty Univerzity Komenského. Historica 44
|d Bratislava : Univerzita Komenského, 2000
|g S. 159-166
|
| 850 |
|
|
|a Slovenská národná knižnica v Martine
|
| 852 |
|
|
|a SNK
|b KIS3GCP
|
| 958 |
|
|
|a NB
|
| 958 |
|
|
|a GB
|
| 958 |
|
|
|a OS
|
| 999 |
|
|
|c 3029913
|d 3031843
|